000253024 001__ 253024
000253024 005__ 20240928175046.0
000253024 0247_ $$aG:(GEPRIS)274184074$$d274184074
000253024 035__ $$aG:(GEPRIS)274184074
000253024 040__ $$aGEPRIS$$chttp://gepris.its.kfa-juelich.de
000253024 150__ $$aDie Artikulation morphologisch komplexer Wörter$$y2015 - 2023
000253024 371__ $$aProfessor Dr. Harald Baayen
000253024 450__ $$aDFG project G:(GEPRIS)274184074$$wd$$y2015 - 2023
000253024 5101_ $$0I:(DE-588b)2007744-0$$aDeutsche Forschungsgemeinschaft$$bDFG
000253024 550__ $$0G:(GEPRIS)273681275$$aFOR 2373: Gesprochene Morphologie: Phonetik und Phonologie komplexer Wörter$$wt
000253024 680__ $$aWährend der ersten Förderphase war das Ziel des Projekts die Untersuchung der artikulatorischen Prozesse, die morphologische Informationen kodieren, und wie sie mit lexikalischer Kompetenz zusammenhängen. Wir haben festgestellt, dass die Morphologie von Suffixen die phonetische Kodierung sogar im Stamm verändert und dass Sprecher dies verstärkt tun, je höher ihre lexikalische Kompetenz. In einer gemeinsamen Studie mit Projekt VAR modellierten wir computergestützt die Dauer von wortfinalen S anhand des NDL. Unsere Ergebnisse deuten darauf hin, dass artikulatorische Prozesse durch die Expertise des Sprechers über den Zusammenhang zwischen phonetischem Signal und morphologischer Bedeutung moduliert werden.In der zweiten Phase des ART-Projekts sollen die Ergebnisse der ersten Phase durch Replizieren der EMA Ergebnisse mittels Ultraschall-Aufnahmen und die Untersuchung von EMA Aufnahmen aus dem KEC Korpus für deutsche spontane Konversation gefestigt werden. Für die Bewertung der ökologischen Validität der vorliegenden Ergebnisse, welche alle mit leicht invasiven Aufnahmetechniken erzielt wurden, sind Ultraschall und die Untersuchung der Artikulation in spontaner Sprache essentiell. Das Projekt wird zudem durch die Untersuchung der Artikulation im Polnischen, einer stark flektierenden Sprache, und die computergestützte Modellierung der Sprachproduktion mit NDL, beispielsweise für Neuseeländisches Englisch und homophone Exponenten im Deutschen, erweitert.
000253024 909CO $$ooai:juser.fz-juelich.de:919626$$pauthority$$pauthority:GRANT
000253024 909CO $$ooai:juser.fz-juelich.de:919626
000253024 980__ $$aG
000253024 980__ $$aAUTHORITY